LEADER 03359nam 22006495 450 001 9910720061003321 005 20251008163639.0 010 $a981-19-9259-2 024 7 $a10.1007/978-981-19-9259-9 035 $a(CKB)5720000000183771 035 $a(MiAaPQ)EBC7244295 035 $a(Au-PeEL)EBL7244295 035 $a(OCoLC)1378793513 035 $a(NjHacI)995720000000183771 035 $a(PPN)27061821X 035 $a(ODN)ODN0010067128 035 $a(DE-He213)978-981-19-9259-9 035 $a(EXLCZ)995720000000183771 100 $a20230502d2023 u| 0 101 0 $aeng 135 $aurcnu|||||||| 181 $ctxt$2rdacontent 182 $cc$2rdamedia 183 $acr$2rdacarrier 200 10$aAttachment Ventilation Theory /$fby Angui Li 205 $a1st ed. 2023. 210 1$aSingapore :$cSpringer Nature Singapore :$cImprint: Springer,$d2023. 215 $a1 online resource (204 pages) 311 08$a981-19-9258-4 327 $aCooking history and development of kitchen appliances -- Kitchen ventilation requirements -- Pollutions of cooking oil fume and health risks -- Thermal comfort in kitchen -- Basis to calculate exhaust airflow rate -- Design of kitchen ventilation -- High performance kitchen ventilation -- Stack effects of kitchen exhaust shaft in high-rise building -- Case study and design of kitchen ventilation. 330 $aThis open access book systematically summarizes the current research progress of attachment ventilation, covering vertical wall attachment, column attachment, and adaptive attachment ventilation. Attachment ventilation is a high-performance ventilation mode that was first proposed by the author, Prof. Angui Li 20 years ago. Now it has been widely used in office spaces, subway stations, high-speed railway stations, international airport terminals, and other large spaces. This book introduces attachment ventilation in detail to eliminate the cooling/heating load of the occupied zone and provide an expected environment for the air-conditioned zone. Attachment ventilation combines the advantages of traditional mixed ventilation and displacement ventilation. This book consists of six chapters, covering a series of airflow patterns, mechanisms, parameter correlations, and attachment ventilation design methods. It is helpful for HVAC engineers to design attachment ventilation effectively. 606 $aBuildings$xEnvironmental engineering 606 $aFluid mechanics 606 $aBuilding information modeling 606 $aComputer simulation 606 $aBuilding Physics, HVAC 606 $aEngineering Fluid Dynamics 606 $aBuilding Information Modeling 606 $aComputer Modelling 615 0$aBuildings$xEnvironmental engineering. 615 0$aFluid mechanics. 615 0$aBuilding information modeling. 615 0$aComputer simulation. 615 14$aBuilding Physics, HVAC. 615 24$aEngineering Fluid Dynamics. 615 24$aBuilding Information Modeling. 615 24$aComputer Modelling. 676 $a070.573 686 $aCOM018000$aCOM072000$aTEC009020$aTEC009070$2bisacsh 700 $aLi$b Angui$0941417 801 0$bMiAaPQ 801 1$bMiAaPQ 801 2$bMiAaPQ 906 $aBOOK 912 $a9910720061003321 996 $aAttachment Ventilation Theory$93386889 997 $aUNINA